000 00864nam a22002417a 4500
005 20090904110047.0
008 090903t xxu||||| |||| 00| 0 eng d
010 _aB-356990
020 _a9788126418459
_c60.00
035 _aB-356990
037 _bDBAD / PUB
040 _adpl
_bEnglish
082 _aS
100 _aArthy Muthanna Singh
245 _aJataka tales smart follower /
_cretold by Arthy Muthanna Singh; illustrated by Sudheer P.Y.
260 _aKerala
_bD C Books
_c2008
270 _aD C Kizhakemuri Edam, Good Shepherd Street, Kottayam
_bKerala
_e686001
300 _a29p. :
_c22cm(pbk)
_bcol. ill.
650 _aJataka stories
700 _aSudheer P.Y.
942 _2ddc
_cEN
_hS
_mART
999 _c29987
_d29987